<?xml version="1.0" encoding="UTF-8"?>
<collection xmlns:xsi="http://www.w3.org/2001/XMLSchema-instance" xsi:schemaLocation="http://www.loc.gov/MARC21/slim http://www.loc.gov/standards/marcxml/schema/MARC21slim.xsd" xmlns="http://www.loc.gov/MARC21/slim">
 <record>
  <leader>00000ctm a22000004a 4500</leader>
  <controlfield tag="001">UP-99796217607596440</controlfield>
  <controlfield tag="003">Buklod</controlfield>
  <controlfield tag="005">20230503092542.0</controlfield>
  <controlfield tag="006">m    |o  d |      </controlfield>
  <controlfield tag="007">ta</controlfield>
  <controlfield tag="008">011001s1999    xx      r    |||| u|eng d</controlfield>
  <datafield tag="035" ind1=" " ind2=" ">
   <subfield code="a">(iLib)UPD-00000484791</subfield>
  </datafield>
  <datafield tag="040" ind1=" " ind2=" ">
   <subfield code="a">DML</subfield>
  </datafield>
  <datafield tag="041" ind1=" " ind2=" ">
   <subfield code="a">eng</subfield>
  </datafield>
  <datafield tag="042" ind1=" " ind2=" ">
   <subfield code="a">DMLUC</subfield>
  </datafield>
  <datafield tag="090" ind1=" " ind2=" ">
   <subfield code="a">LG 995 1999 E653</subfield>
   <subfield code="b">N32</subfield>
  </datafield>
  <datafield tag="100" ind1="1" ind2=" ">
   <subfield code="a">Nabatilan, Marilou Montevirgen</subfield>
  </datafield>
  <datafield tag="245" ind1="1" ind2="0">
   <subfield code="a">Effect of pH and ammonium on lipid degradation in the anaerobic digestion of fish processing wastewater</subfield>
   <subfield code="c">by Marilou Montevirgen Nabatilan.</subfield>
  </datafield>
  <datafield tag="264" ind1=" " ind2="1">
   <subfield code="c">1999.</subfield>
  </datafield>
  <datafield tag="300" ind1=" " ind2=" ">
   <subfield code="a">xiii, 92 leaves</subfield>
   <subfield code="b">ill.</subfield>
  </datafield>
  <datafield tag="502" ind1=" " ind2=" ">
   <subfield code="a">Thesis (M.S. Environmental Engineering)--University of the Philippines Diliman.</subfield>
  </datafield>
  <datafield tag="520" ind1=" " ind2=" ">
   <subfield code="a">The effects of pH and ammonium on lipid degradation in the anaerobic digestion of fish processing wastewater were determined in batch experiments. These experiments were conducted at pH levels pH 4, pH 5, pH 6, pH 7 and pH 8. LCFA analysis performed at pH 4. Furthermore, it was shown that at pH 8, lipid acidification is limited by lipid hydrolysis. Thus, it shows that lipid hydrolysis is rate limiting at pH 8. No significant differences were observed on lipid degradation among pH treatment levels pH 6, pH 7, and pH 8. Studies on total COD conversions however, suggested that COD hydrolysis, COD acidification, and COD methanogenesis were optimal at pH 7.</subfield>
  </datafield>
  <datafield tag="520" ind1=" " ind2=" ">
   <subfield code="a">The treatment levels of ammonium (as NH4+-N = 0.0, 0.3, 0.6, 0.9 and 1.5 g/l) did not significantly affect lipid degradation, specifically, lipid acidification. Analysis of total COD conversions (hydrolyzed, acidified, and methanogenized) however, showed significant differences between ammonium levels 0-0.9 g/L and 1.5 g/L. Since the fish wastewater also contain proteins, this difference is considered an effect of protein degradation. Protein degradation (specifically protein acidification) is more susceptible to high ammonium concentration than lipid degradation.</subfield>
  </datafield>
  <datafield tag="650" ind1=" " ind2="4">
   <subfield code="a">Fishery processing industries</subfield>
   <subfield code="x">By-products</subfield>
   <subfield code="x">Biodegradation.</subfield>
  </datafield>
  <datafield tag="650" ind1=" " ind2="4">
   <subfield code="a">Ammonia</subfield>
   <subfield code="x">Physiological effects.</subfield>
  </datafield>
  <datafield tag="842" ind1=" " ind2=" ">
   <subfield code="a">Thesis</subfield>
  </datafield>
  <datafield tag="905" ind1=" " ind2=" ">
   <subfield code="a">FI</subfield>
  </datafield>
  <datafield tag="905" ind1=" " ind2=" ">
   <subfield code="a">UP</subfield>
  </datafield>
  <datafield tag="852" ind1="0" ind2=" ">
   <subfield code="a">UPD</subfield>
   <subfield code="b">DARCHIVES</subfield>
   <subfield code="h">LG 995 1999 E653  N32</subfield>
  </datafield>
  <datafield tag="852" ind1="0" ind2=" ">
   <subfield code="a">UPD</subfield>
   <subfield code="b">DENG-II</subfield>
   <subfield code="h">LG 995 1999 E653</subfield>
   <subfield code="i">N32</subfield>
  </datafield>
  <datafield tag="942" ind1=" " ind2=" ">
   <subfield code="a">Thesis</subfield>
  </datafield>
 </record>
</collection>
